000 00673nam a2200241Ia 4500
003 OSt
005 20220918193629.0
006 a|||||r|||| 00| 0
007 ta
008 220917b |||||||| |||| 00| 0 eng d
024 _a74,222
037 _cTextual
040 _aARTS
_cARTS
_beng
041 _2eng
_aeng
082 _aR625v253:M7, J8(Q4)
100 _aBhattacharya Dinesh Chandra
_982184
245 0 _aHistory of Navya nyaya in Mithila
260 _c1958
490 _aMithila institute series; 2
650 _aNYAYA PHILOSOPHY
_910608
942 _hR625v253:M7, J8(Q4)
_cTEXL
_2CC
999 _c199777
_d199777